Загрузка...

ഭാഷാകവികള്‍

Библиографические подробности
Главные авторы: ഏ ഡി ഹരിശര്‍മ്മ, A D Harisarma
Формат: Printed Book
Редактирование:1st
Предметы:
LEADER 00599nam a22001697a 4500
082 |a 920  |b HAR/B 
100 |a ഏ ഡി ഹരിശര്‍മ്മ  |9 112350 
100 |a A D Harisarma  |9 112351 
240 |a Bhasha Kavikal 
245 |a ഭാഷാകവികള്‍ 
250 |a 1st 
300 |a 160p. 
650 |a മലയാളം; ജീവചരിത്രം   |9 112352 
650 |a  Malayalam;Biography  |9 112353 
942 |c BK 
999 |c 55491  |d 55491 
952 |0 0  |1 0  |4 0  |6 920_000000000000000_HAR_B  |7 0  |8 BIO  |9 66231  |a MAL  |b MAL  |d 2016-06-27  |e 281  |l 0  |o 920 HAR/B  |p MAL000281B  |r 2016-06-27  |t 1  |w 2016-06-27  |y BK